书目信息 |
| 题名: |
园艺机械化
|
|
| 作者: | 丁为民 主编 | |
| 分册: | ||
| 出版信息: | 北京 中国农业出版社 2011 |
|
| 页数: | 285页 | |
| 开本: | 26cm | |
| 丛书名: | 普通高等教育农业部“十二五”规划教材 | |
| 单 册: | ||
| 中图分类: | S604-43 | |
| 科图分类: | ||
| 主题词: | 园艺--农业机械--高等学校--教材 | |
| 电子资源: | ||
| ISBN: | 978-7-109-15691-3 | |
| 000 | 00874nam0 2200301 45 | |
| 001 | 012001001407 | |
| 005 | 20191122090310.01 | |
| 010 | @a978-7-109-15691-3@dCNY37.50 | |
| 099 | @aCAL 012012269129 | |
| 100 | @a20121031d2011 ekmy0chiy50 ea | |
| 101 | 0 | @achi |
| 102 | @aCN@b110000 | |
| 105 | @aak a 000yy | |
| 106 | @ar | |
| 200 | 1 | @a园艺机械化@f丁为民主编 |
| 205 | @a第2版 | |
| 210 | @a北京@c中国农业出版社@d2011 | |
| 215 | @a285页@c图@d26cm | |
| 225 | 2 | @a普通高等教育农业部“十二五”规划教材 |
| 225 | 2 | @a全国高等农林院校“十二五”规划教材 |
| 320 | @a有书目 | |
| 410 | 0 | @12001@@a普通高等教育农业部“十二五”规划教材 |
| 410 | 0 | @12001@@a全国高等农林院校“十二五”规划教材 |
| 606 | 0 | @a园艺@x农业机械@x高等学校@j教材 |
| 690 | @aS604-43@v5 | |
| 701 | 0 | @a丁为民@4主编 |
| 801 | 0 | @aCN@b北京卓展@c20191020 |
| 905 | @b1198256-9@dS604-43@e558=2@f4 | |
| 园艺机械化/丁为民主编.-第2版.-北京:中国农业出版社,2011 |
| 285页:图;26cm.-(普通高等教育农业部“十二五”规划教材).-(全国高等农林院校“十二五”规划教材) |
| ISBN 978-7-109-15691-3:CNY37.50 |
| ● |
| 相关链接 |
|
|
|
|
正题名:园艺机械化
索取号:S604-43/558=2
 
预约/预借
| 序号 | 登录号 | 条形码 | 馆藏地/架位号 | 状态 | 备注 |
| 1 | 1198256 | 211982568 | 第二样本阅览室/ [索取号:S604-43/558=2] | 在馆 | |
| 2 | 1198257 | 211982577 | 第三借阅区/ [索取号:S604-43/558=2] | 在馆 | |
| 3 | 1198258 | 211982586 | 第三借阅区/ [索取号:S604-43/558=2] | 在馆 | |
| 4 | 1198259 | 211982595 | 第三借阅区/ [索取号:S604-43/558=2] | 在馆 |